Rotordynamics of turbomachinery /

Bibliographic Details
Main Author: Vance, John M.
Format: Book
Language:English
Published: New York : Wiley, [1988]
Subjects:

MARC

Tag First Indicator Second Indicator Subfields
LEADER 00000cam a2200000 a 4500
001 in00000034422
005 20151007060717.0
008 871119s1988 nyua b 00110 eng
010 |a  87034055  
020 |a 0471802581 
035 |a (OCoLC)17199985 
035 |9 AAC1550AM 
040 |a DLC  |c DLC  |d TXA  |d UtOrBLW 
049 |a TXAM  |c [A11076362] 
050 0 0 |a TJ267  |b .V26 1988 
082 0 |a 621.406  |2 19 
100 1 |a Vance, John M. 
245 1 0 |a Rotordynamics of turbomachinery /  |c John M. Vance. 
264 1 |a New York :  |b Wiley,  |c [1988] 
264 4 |c ©1988 
300 |a xii, 388 pages :  |b illustrations ;  |c 25 cm. 
336 |a text  |b txt  |2 rdacontent 
337 |a unmediated  |b n  |2 rdamedia 
338 |a volume  |b nc  |2 rdacarrier 
500 |a "A Wiley-Interscience publication." 
504 |a Includes bibliographies and index. 
650 0 |a Turbomachines  |x Dynamics. 
650 0 |a Rotors  |x Dynamics. 
999 |a MARS 
999 f f |s 17546431-c620-3407-99aa-9fdd380b1344  |i 24b489c2-bb8a-323b-b770-6cb4e22cf2bf  |t 0 
952 f f |p normal  |a Texas A&M University  |b College Station  |c Sterling C. Evans Library  |s Evans stk  |d Evans: Library Stacks  |t 0  |e TJ267 .V26 1988  |h Library of Congress classification  |i unmediated -- volume  |m A14829970635 
952 f f |p normal  |a Texas A&M University  |b College Station  |c Sterling C. Evans Library  |s Evans stk  |d Evans: Library Stacks  |t 0  |e TJ267 .V26 1988  |h Library of Congress classification  |i unmediated -- volume  |m A14826740772 
998 f f |a TJ267 .V26 1988  |t 0  |l Evans: Library Stacks 
998 f f |a TJ267 .V26 1988  |t 0  |l Evans: Library Stacks